[Event "TUR Cup"]
[Site "Denizli"]
[Date "2023.07.20"]
[Round "7"]
[White "Sibli, Murat Yigit"]
[Black "Yeke, Serkan"]
[Result "1/2-1/2"]
[WhiteElo "1584"]
[BlackElo "2054"]
[PlyCount "106"]
[EventDate "2023.07.16"]
[EventType "team-tourn"]
[EventRounds "9"]
[EventCountry "TUR"]
[SourceTitle "CBM 215 Extra"]
[Source "ChessBase"]
[SourceDate "2023.09.30"]
[SourceVersion "1"]
[SourceVersionDate "2023.09.30"]
[SourceQuality "1"]

1. e4 c5 2. c3 Nf6 3. e5 Nd5 4. d4 cxd4 5. cxd4 d6 6. exd6 e6 7. Nf3 Bxd6 8. Bd3 Nd7 9. 0-0 N7f6 10. Nc3 Nxc3 11. bxc3 Qc7 12. c4 Bd7 13. h3 0-0 14. Bg5 Bc6 15. Qe2 h6 16. Be3 Bf4 17. Bxf4 Qxf4 18. Qe5 Qxe5 19. Nxe5 Rac8 20. Be2 Rfd8 21. Rfd1 Ba4 22. Rd3 b5 23. c5 Nd5 24. Rd2 Ne7 25. Nf3 Nc6 26. Bd1 Bxd1 27. Raxd1 Rd5 28. Kf1 a5 29. Ke2 e5 30. dxe5 Rxc5 31. Rd5 Nb4 32. R5d2 Nc2 33. Kf1 b4 34. Rd5 a4 35. R5d3 Rb8 36. Rb1 Kh7 37. Ke2 b3 38. axb3 a3 39. Rdd1 a2 40. Rbc1 Rxb3 41. Kd2 a1Q 42. Rxa1 Nxa1 43. Rxa1 Rb2+ 44. Ke3 Rcc2 45. Ra7 Rxf2 46. Rxf7 Rxg2 47. Nd4 Rg3+ 48. Ke4 Rb4 49. e6 Kg6 50. Rf8 Rg1 51. Kd5 Rg5+ 52. Ke4 Rg3 53. Kd5 Rg5+ 1/2-1/2

[Event "TUR Cup"]
[Site "Denizli"]
[Date "2023.07.19"]
[Round "5"]
[White "Sibli, Murat Yigit"]
[Black "Kilic, Ihsan"]
[Result "1-0"]
[WhiteElo "1584"]
[BlackElo "1955"]
[PlyCount "78"]
[EventDate "2023.07.16"]
[EventType "team-tourn"]
[EventRounds "9"]
[EventCountry "TUR"]
[SourceTitle "CBM 215 Extra"]
[Source "ChessBase"]
[SourceDate "2023.09.30"]
[SourceVersion "1"]
[SourceVersionDate "2023.09.30"]
[SourceQuality "1"]

1. e4 e5 2. Nf3 Nf6 3. Nxe5 d6 4. Nf3 Nxe4 5. d4 d5 6. Bd3 Bd6 7. 0-0 0-0 8. c4 c6 9. Nc3 Nxc3 10. bxc3 dxc4 11. Bxc4 Bg4 12. Qd3 Nd7 13. Ng5 Nf6 14. h3 Bd7 15. Be3 Qc7 16. Rad1 Rae8 17. Rfe1 h6 18. Nf3 a5 19. a4 Rb8 20. Rb1 Nd5 21. Ne5 Be6 22. Bd2 Rfe8 23. Bb3 Nf6 24. Bc2 c5 25. Rbc1 Rbd8 26. Qg3 Kh8 27. Qh4 Ng8 28. Be3 cxd4 29. Bxd4 Be7 30. Qe4 Nf6 31. Qe3 Rc8 32. Bd3 Bc5 33. Rcd1 Bb3 34. Rb1 Bd5 35. Bb5 Red8 36. Rbd1 b6 37. Bxc5 bxc5 38. Ba6 Rb8 39. Bb5 Be6 1-0

[Event "TUR-chT2"]
[Site "Konya"]
[Date "2017.07.10"]
[Round "2.15"]
[White "Sibli, Murat Yigit"]
[Black "Temur, Yilmaz"]
[Result "1/2-1/2"]
[WhiteElo "1478"]
[BlackElo "1480"]
[PlyCount "58"]
[EventDate "2017.07.09"]
[EventType "team-swiss"]
[EventRounds "9"]
[EventCountry "TUR"]
[SourceTitle "CBM 179 Extra"]
[Source "ChessBase"]
[SourceDate "2017.08.23"]
[SourceVersion "1"]
[SourceVersionDate "2017.08.23"]
[SourceQuality "1"]
[WhiteTeam "Hamle Adana"]
[BlackTeam "Genclik Giresun"]
[WhiteTeamCountry "TUR"]
[BlackTeamCountry "TUR"]

1. e4 c5 2. c3 d5 3. exd5 Qxd5 4. d4 Nc6 5. Nf3 Bg4 6. Be2 Nf6 7. 0-0 cxd4 8. cxd4 e6 9. Nc3 Qd7 10. Be3 Be7 11. h3 Bh5 12. Ne5 Bxe2 13. Qxe2 Qd8 14. Rfd1 0-0 15. Rac1 Rc8 16. Nxc6 bxc6 17. Rd2 Nd5 18. Nxd5 cxd5 19. Rdc2 Rxc2 20. Qxc2 Bd6 21. Qc6 Qb8 22. Rc2 Bh2+ 23. Kh1 Bf4 24. Qc3 Bxe3 25. Qxe3 a5 26. Qc3 Qb5 27. Kg1 h6 28. b3 Qb4 29. Qxb4 axb4 1/2-1/2